000 00651nam a2200193 i 4500
001 45738
003 ES-MaACL
005 20240312170633.0
007 t|
008 030326s1907 sp d |||| | spa d
100 1 _aCommelerán y Gómez, Francisco A.
_940015
245 1 0 _aDiccionario clasico-etimológico latino-español /
_cFrancisco A. Commerlerán y Gómez.
260 _aMadrid :
_bPerlado, Paez y Cía.,
_c1907.
300 _aXXX, 1511 p. ;
_c28 cm.
650 0 4 _aLengua latina-
_vDiccionarios-
_xEspañol.
_914295
650 7 _aLengua española-
_xEtimología-
_vDiccionarios
_2
_9162364
852 _aES-MaACL
_jB-803
999 _c45738
_d45738